01440 a2200241 450000100040000000500170000400800410002100300150006204000400007708000550011724500570017202000220022925000120025126400340026330000250029750506220032204100080094410000210095270000240097370000280099770000220102585601510104725620260407155417.0260407a2006 arg spa dAR-UNSa-BCEJYS aAR-UNSa-BCEJYSbspacAR-UNSa-BCEJYS a658.012.32xFormas de organización, de gestión10aOrganizacionespcomportamiento, estructura, procesos a978-970-10-5619-6 a12a. ed 1aMéxico :bMcGraw-Hillc2006 axviii, 602 p.c27 cm a1. Estudio de las organizaciones 2. Cultura organizacional 3. Globalización 4. Comportamiento individual y diferencias 5. Motivación. Antecedentes y teorías 6. Motivación. Aplicaciones organizacionales 7. Estrés en el lugar de trabajo. Temas y administración 8. Comportamiento de grupos y equipos 9. Conflicto y negociación 10. Poder y política 11. Liderazgo. Fundamentos 12. Liderazgo. Conceptos en surgimiento y en cambio 13. Diseño del puesto 14. Estructura organizacional 15. Administrar los procesos de comunicación 16. Toma de decisiones 17. Manejo del cambio organizacional y el aprendizaje aspa1 aGibson, James L.1 aIvancevich, John M.1 aDonnelly, James H., Jr.1 aKonopaske, Robert41uhttps://biblioeco.unsa.edu.ar/pmb/images/libros/Organizaciones, comportamientos, estructuras, procesos2-l117684.jpgyImagen de portadaqimage/jpeg